<?xml version="1.0" encoding="UTF-8"?>
<record
    xmlns:xsi="http://www.w3.org/2001/XMLSchema-instance"
    xsi:schemaLocation="http://www.loc.gov/MARC21/slim http://www.loc.gov/standards/marcxml/schema/MARC21slim.xsd"
    xmlns="http://www.loc.gov/MARC21/slim">

  <leader>01070nam a22002177a 4500</leader>
  <datafield tag="999" ind1=" " ind2=" ">
    <subfield code="c">3769</subfield>
    <subfield code="d">3769</subfield>
  </datafield>
  <controlfield tag="003">AR-CdUCM</controlfield>
  <controlfield tag="008">190307b           ||||| |||| 00| 0 spa d</controlfield>
  <datafield tag="040" ind1=" " ind2=" ">
    <subfield code="a">MUNICIPALIDAD PROVINCIAL DEL CUSCO</subfield>
    <subfield code="c">BIBLIOTECA MUNICIPAL DEL CUSCO</subfield>
  </datafield>
  <datafield tag="082" ind1=" " ind2=" ">
    <subfield code="a">306 /</subfield>
    <subfield code="b">C34</subfield>
  </datafield>
  <datafield tag="100" ind1=" " ind2=" ">
    <subfield code="a">Castillo Collada, Mart&#xED;n</subfield>
  </datafield>
  <datafield tag="245" ind1=" " ind2=" ">
    <subfield code="a">Desarrollo Participativo Integral, equilibrado e intercultural :</subfield>
    <subfield code="b">aporte de la EIB al desarrollo humano, cultural y econ&#xF3;mico de los pueblos ind&#xED;genas /</subfield>
  </datafield>
  <datafield tag="260" ind1=" " ind2=" ">
    <subfield code="a">Cusco :</subfield>
    <subfield code="b">Instituto Nacional de Cultura Cusco,</subfield>
    <subfield code="c">2009.</subfield>
  </datafield>
  <datafield tag="300" ind1=" " ind2=" ">
    <subfield code="a">121 p&#xE1;ginas ;</subfield>
    <subfield code="c">21 cm.</subfield>
  </datafield>
  <datafield tag="505" ind1=" " ind2=" ">
    <subfield code="a">Contenido: La educaci&#xF3;n y la insatisfacci&#xF3;n social -- El papel de la EIB en el desarrollo --Desarrollo local, regional, nacional y global -- La EIB y el desarrollo participativo -- Tratamiento pedag&#xF3;gico y social de la interculturalidad ... </subfield>
  </datafield>
  <datafield tag="650" ind1=" " ind2=" ">
    <subfield code="a">Producci&#xF3;n y Desarrollo</subfield>
    <subfield code="9">12181</subfield>
  </datafield>
  <datafield tag="650" ind1=" " ind2=" ">
    <subfield code="a">Interculturalidad</subfield>
    <subfield code="9">7556</subfield>
  </datafield>
  <datafield tag="650" ind1=" " ind2=" ">
    <subfield code="a">Educaci&#xF3;n Intercultural</subfield>
    <subfield code="9">948</subfield>
  </datafield>
  <datafield tag="710" ind1=" " ind2=" ">
    <subfield code="a">Instituto Nacional de Cultural Cusco </subfield>
    <subfield code="9">12182</subfield>
  </datafield>
  <datafield tag="942" ind1=" " ind2=" ">
    <subfield code="2">ddc</subfield>
    <subfield code="c">LIBROS</subfield>
  </datafield>
  <datafield tag="945" ind1=" " ind2=" ">
    <subfield code="a">raen</subfield>
  </datafield>
  <datafield tag="952" ind1=" " ind2=" ">
    <subfield code="0">0</subfield>
    <subfield code="2">ddc</subfield>
    <subfield code="4">0</subfield>
    <subfield code="7">0</subfield>
    <subfield code="a">SH</subfield>
    <subfield code="b">SH</subfield>
    <subfield code="c">CART</subfield>
    <subfield code="d">2019-03-07</subfield>
    <subfield code="g">20.00</subfield>
    <subfield code="o">306 / C34</subfield>
    <subfield code="p">SH0000004051</subfield>
    <subfield code="r">2019-03-07</subfield>
    <subfield code="y">LIBROS</subfield>
  </datafield>
  <datafield tag="952" ind1=" " ind2=" ">
    <subfield code="0">0</subfield>
    <subfield code="2">ddc</subfield>
    <subfield code="4">0</subfield>
    <subfield code="7">0</subfield>
    <subfield code="a">SH</subfield>
    <subfield code="b">SH</subfield>
    <subfield code="c">CART</subfield>
    <subfield code="d">2019-03-07</subfield>
    <subfield code="g">20.00</subfield>
    <subfield code="o">306 / C34 / e.2</subfield>
    <subfield code="p">SH0000004052</subfield>
    <subfield code="r">2019-03-07</subfield>
    <subfield code="t">2 ej.</subfield>
    <subfield code="y">LIBROS</subfield>
  </datafield>
</record>
